000 003320000a22001210004500
082 0 4 _aR 020 J28i
100 1 _aJaramillo, Orlanda
245 1 0 _aLa biblioteca pública : una mirada desde su génesis y desarrollo / Orlanda Jaramillo
260 _aMedellín : Universidad de Antioquia
300 _a146 P.
001 446
942 _cLGB
999 _c47684
_d47684